[Event "Hong Kong Jolimark op"]
[Site "Hong Kong"]
[Date "2017.12.25"]
[Round "6"]
[White "Deng, Jing Xin Crystal"]
[Black "Chin, Yi Hao"]
[Result "1/2-1/2"]
[WhiteElo "1741"]
[BlackElo "1436"]
[PlyCount "55"]
[EventDate "2017.12.23"]
[EventType "swiss"]
[EventRounds "9"]
[EventCountry "HKG"]
[SourceTitle "CBM 182 Extra"]
[Source "ChessBase"]
[SourceDate "2018.02.23"]
[SourceVersion "1"]
[SourceVersionDate "2018.02.23"]
[SourceQuality "1"]

1. d4 d5 2. c4 e6 3. Nc3 Nf6 4. Bg5 Be7 5. e3 c6 6. Nf3 Nbd7 7. Bd3 dxc4 8. Bxc4 b5 9. Bd3 a6 10. 0-0 Bb7 11. Rc1 0-0 12. Bxf6 Nxf6 13. Ne4 Rc8 14. Nxf6+ Bxf6 15. Be4 Qb6 16. h3 a5 17. Re1 Rfd8 18. Qb3 Rc7 19. Red1 g6 20. Qc2 Rdc8 21. Qd2 b4 22. Rc2 c5 23. Bxb7 Qxb7 24. dxc5 Rxc5 25. Rxc5 Rxc5 26. Rc1 Qc6 27. Rxc5 Qxc5 28. e4 1/2-1/2

[Event "Hong Kong Jolimark op"]
[Site "Hong Kong"]
[Date "2017.12.23"]
[Round "2"]
[White "Chen, Junxue"]
[Black "Chin, Yi Hao"]
[Result "0-1"]
[WhiteElo "1185"]
[BlackElo "1436"]
[PlyCount "64"]
[EventDate "2017.12.23"]
[EventType "swiss"]
[EventRounds "9"]
[EventCountry "HKG"]
[SourceTitle "CBM 182 Extra"]
[Source "ChessBase"]
[SourceDate "2018.02.23"]
[SourceVersion "1"]
[SourceVersionDate "2018.02.23"]
[SourceQuality "1"]

1. e4 d5 2. exd5 Qxd5 3. Nc3 Qa5 4. Nf3 Nf6 5. d4 Bf5 6. Bc4 e6 7. Bf4 c6 8. 0-0 Be7 9. Re1 0-0 10. a3 Qd8 11. Ne5 Nbd7 12. Nxd7 Qxd7 13. h3 Nd5 14. Be5 Nxc3 15. bxc3 Rfd8 16. Qf3 Bd6 17. Rad1 Bxc2 18. Rd2 Bg6 19. Red1 Bxa3 20. Ra1 Bd6 21. Rad1 Bxe5 22. dxe5 Qxd2 23. Rxd2 Rxd2 24. Qe3 Rd7 25. Qe2 h6 26. Qb2 b5 27. Ba2 a5 28. Qe2 Rb8 29. Qe3 Rdb7 30. Qc5 Rb6 31. Qa3 b4 32. Qxa5 b3 0-1

[Event "Kuala Lumpur UM KPT op"]
[Site "Kuala Lumpur"]
[Date "2016.12.16"]
[Round "2"]
[White "Azman Hisham, Mohd Nabil"]
[Black "Chin, Yi Hao"]
[Result "1-0"]
[WhiteElo "1968"]
[BlackElo "1442"]
[PlyCount "131"]
[EventDate "2016.12.16"]
[EventType "swiss"]
[EventRounds "9"]
[EventCountry "MAS"]
[SourceTitle "CBM 176 Extra"]
[Source "ChessBase"]
[SourceDate "2017.03.02"]
[SourceVersion "1"]
[SourceVersionDate "2017.03.02"]
[SourceQuality "1"]

1. d4 d5 2. Nf3 Nf6 3. Bf4 Bf5 4. e3 e6 5. Bd3 Bxd3 6. Qxd3 c5 7. dxc5 Nc6 8. Qb5 Qa5+ 9. Nc3 Qxb5 10. Nxb5 Kd7 11. Nbd4 Bxc5 12. Nxc6 bxc6 13. Ne5+ Ke7 14. Nxc6+ Kd7 15. Ne5+ Ke7 16. Bg5 h6 17. Bxf6+ gxf6 18. Nd3 Bd6 19. f3 Rhg8 20. Kf2 Rac8 21. Rac1 Rc6 22. e4 Rgc8 23. c3 dxe4 24. fxe4 Rc4 25. Rhe1 Rg8 26. b3 Rc6 27. e5 fxe5 28. Nxe5 Rc5 29. Nf3 Rf5 30. g3 Ra5 31. Rc2 Rc8 32. Ree2 Bc5+ 33. Kg2 Ba3 34. Ne5 Bd6 35. Nc4 Rac5 36. Rcd2 Bc7 37. Rd4 Rd8 38. Rh4 h5 39. Rhe4 Rd3 40. Nb2 Rdd5 41. c4 Re5 42. b4 Rxe4 43. Rxe4 Re5 44. Kf3 Rxe4 45. Kxe4 f5+ 46. Kd4 Kd6 47. c5+ Kc6 48. Kc4 f4 49. b5+ Kb7 50. gxf4 Bxf4 51. h3 h4 52. Kd4 Kc7 53. Nc4 Bg3 54. Ne5 Bf2+ 55. Kc4 Bg3 56. Nf3 Kd7 57. a4 Kc7 58. a5 Kb7 59. Ng5 e5 60. Kd5 Be1 61. a6+ Kc7 62. Kxe5 Bg3+ 63. Kd5 Kd7 64. b6 axb6 65. cxb6 Bf2 66. a7 1-0

[Event "Shah Alam Challenger"]
[Site "Shah Alam"]
[Date "2016.01.31"]
[Round "9"]
[White "Chin, Yi Hao"]
[Black "Abdul Rashid, Hasidin"]
[Result "1/2-1/2"]
[WhiteElo "1389"]
[BlackElo "1374"]
[PlyCount "82"]
[EventDate "2016.01.23"]
[EventType "swiss"]
[EventRounds "9"]
[EventCountry "MAS"]
[SourceTitle "EXT 2017"]
[Source "ChessBase"]
[SourceDate "2016.10.25"]
[SourceVersion "1"]
[SourceVersionDate "2016.10.25"]
[SourceQuality "1"]

1. e4 c5 2. c3 e6 3. Nf3 Ne7 4. d4 cxd4 5. cxd4 Ng6 6. Be3 Qa5+ 7. Nc3 Be7 8. Bd3 a6 9. 0-0 0-0 10. Qb3 Nc6 11. Rfd1 b5 12. a3 Bb7 13. d5 Nce5 14. Nxe5 Nxe5 15. Be2 exd5 16. exd5 d6 17. Rac1 Rfc8 18. Na2 Rab8 19. Nb4 Nc4 20. Bxc4 bxc4 21. Rxc4 Rxc4 22. Qxc4 Rc8 23. Nc6 Qc7 24. Nxe7+ Qxe7 25. Qd3 Qd7 26. h3 h6 27. Qb3 Qb5 28. Qxb5 axb5 29. Rc1 Rxc1+ 30. Bxc1 Kf8 31. f4 f5 32. Kf2 Bxd5 33. g4 Be4 34. Kg3 Kf7 35. h4 fxg4 36. Kxg4 g6 37. h5 Bf5+ 38. Kh4 d5 39. Be3 Bc2 40. Bd4 Bd1 41. hxg6+ Kxg6 1/2-1/2

[Event "Shah Alam Challenger"]
[Site "Shah Alam"]
[Date "2016.01.30"]
[Round "7"]
[White "Chin, Yi Hao"]
[Black "Chin, Shun Yi"]
[Result "1-0"]
[WhiteElo "1389"]
[BlackElo "1477"]
[PlyCount "87"]
[EventDate "2016.01.23"]
[EventType "swiss"]
[EventRounds "9"]
[EventCountry "MAS"]
[SourceTitle "EXT 2017"]
[Source "ChessBase"]
[SourceDate "2016.10.25"]
[SourceVersion "1"]
[SourceVersionDate "2016.10.25"]
[SourceQuality "1"]

1. e4 e6 2. d4 d5 3. exd5 exd5 4. Nf3 Nf6 5. Bd3 Bg4 6. 0-0 Be7 7. Bf4 Nbd7 8. h3 Bh5 9. Nbd2 c6 10. c3 0-0 11. Qc2 Re8 12. Rfe1 Bg6 13. Ne5 Bxd3 14. Qxd3 Nf8 15. Ndf3 Ne4 16. Re2 Ng6 17. Nxg6 fxg6 18. Rae1 Rf8 19. Bh2 Rf5 20. Nd2 Bh4 21. Nxe4 dxe4 22. Qxe4 Qf6 23. Bg3 Bg5 24. Qe6+ Kf8 25. Bd6+ Qe7 26. Bxe7+ Bxe7 27. Qxe7+ Kg8 28. Qxb7 Rff8 29. Qxa8 Rxa8 30. Re8+ Rxe8 31. Rxe8+ Kf7 32. Rc8 Ke6 33. Rxc6+ Kd5 34. Rc7 a5 35. Rxg7 Kc4 36. Rxh7 Kd3 37. d5 Kc2 38. d6 Kxb2 39. d7 Kxa2 40. d8Q a4 41. Qd5+ Kb2 42. Rb7+ Ka1 43. Qb5 a3 44. Qb1# 1-0

[Event "Shah Alam Challenger"]
[Site "Shah Alam"]
[Date "2016.01.24"]
[Round "4"]
[White "Chin, Yi Hao"]
[Black "Abdul Rahman, Syazrin"]
[Result "1/2-1/2"]
[WhiteElo "1389"]
[BlackElo "1615"]
[PlyCount "51"]
[EventDate "2016.01.23"]
[EventType "swiss"]
[EventRounds "9"]
[EventCountry "MAS"]
[SourceTitle "EXT 2017"]
[Source "ChessBase"]
[SourceDate "2016.10.25"]
[SourceVersion "1"]
[SourceVersionDate "2016.10.25"]
[SourceQuality "1"]

1. e4 c5 2. c3 e6 3. Nf3 Ne7 4. d4 Ng6 5. Be2 Be7 6. Be3 cxd4 7. cxd4 0-0 8. 0-0 d6 9. Nc3 f5 10. exf5 exf5 11. Qb3+ Kh8 12. Nd5 f4 13. Bd2 Nc6 14. Rac1 Bg4 15. Bb5 Bxf3 16. Bxc6 bxc6 17. Nxe7 Be2 18. Nxg6+ hxg6 19. Qh3+ Bh5 20. Rxc6 f3 21. g3 Qf6 22. Bc3 Rad8 23. d5 Qg5 24. Qe6 Bg4 25. Qe4 Qh5 26. h4 1/2-1/2

[Event "Shah Alam Challenger"]
[Site "Shah Alam"]
[Date "2016.01.23"]
[Round "2"]
[White "Hj Sapuan, Ngasiman"]
[Black "Chin, Yi Hao"]
[Result "1/2-1/2"]
[WhiteElo "1532"]
[BlackElo "1389"]
[PlyCount "48"]
[EventDate "2016.01.23"]
[EventType "swiss"]
[EventRounds "9"]
[EventCountry "MAS"]
[SourceTitle "EXT 2017"]
[Source "ChessBase"]
[SourceDate "2016.10.25"]
[SourceVersion "1"]
[SourceVersionDate "2016.10.25"]
[SourceQuality "1"]

1. d4 e6 2. c4 d5 3. Nc3 Nf6 4. Nf3 c5 5. e3 Nc6 6. a3 Bd6 7. cxd5 exd5 8. h3 0-0 9. Bd3 Re8 10. 0-0 Be6 11. dxc5 Bxc5 12. Na4 Bd6 13. Bd2 a6 14. b4 Ne4 15. Qc2 Rb8 16. Rfd1 Qf6 17. Nc5 Bxc5 18. bxc5 Bxh3 19. Bxe4 dxe4 20. Bc3 Qg6 21. Nh4 Qg5 22. Kf1 Qxh4 23. gxh3 Qxh3+ 24. Ke1 Ne5 1/2-1/2